1115 1255 1760 1137 1415 1123 1332 1673 1572 1712 1591 1718 1546 1314 1416 1437 1798 1989 1715 1892 1425 1702 1041 1563 1980 1788 1680 1519 1666 1816 1355 1614 1946 1710 1730 1791 1617 1913 1868 1271 1750 1417 1565 1654 1770 1313 1723 1277 1531 1329 1590 1415 1613 1864 1803 1326 1193 1982 1680 1990 1106 1575 1231 1498 1840 1022 1947 1635 1765 1038 1633 1119 1109 1586 1737 1239 1880 1672 1665 1873 1998 1934 1332 1503 1066 1664 1908 1527 1885 1806 1689 1465 1859 1678 1307 1027 1446 1249 1529 BCNSPRNW ULIB Ver.6.0+V

เปลี่ยนเป็นภาษาไทย

Change to English
 แสดงรายละเอียดบรรณานุกรม
  กลับหน้าหลัก

Brief Record : Get Marc (ISO 2709) : E-mail record : QR code < ปิดหน้าต่าง
LEADER : 00000nam 2200000uu 4500
001    13399122175
003     ULIB
008    130108s2551||||th 000 0 tha d
020    ^a9789740322627
050  4 ^aHA29.5^bร242ส
100 0  ^aระพินทร์ โพธิ์ศรี
245 10 ^aสถิติเพื่อการวิจัย =^bStatistics for research /^cระพินทร์โพธิ์ศรี
246 31 ^aStatistics for research
250    ^aพิมพ์ครั้งที่ 2
260    ^aกรุงเทพฯ :^bสำนักพิมพ์แห่งจุฬาลงกรณ์มหาวิทยาลัย,^c2551.
300    ^a292 หน้า :^bภาพประกอบ ;^c26 ซม. +^eซีดี 1 แผ่น
591    ^aLIMS มีฉบับพิมพ์ครั้งที่ 2 ฉบับปรับปรุง ปี 2551 ไม่มี ซีดี
650  4 ^aสถิติ
945    ^p220^l0^i19637
995    ^aกัณชพร
999    ^aใช้งานได้ทุกระบบ
รายการนี้ยังไม่มีแท็ก
คุณยังไม่ได้ล็อกอิน คุณสามารถมีกิจกรรมร่วมกับเว็บไซต์ได้ แต่ต้องล็อกอินก่อน ::
  ล็อกอิน

รายการสื่อสารสนเทศ

ลำดับที่ ประเภท เลขเรียก/บาร์โค้ด สถานที่ สถานะ
1. การศึกษาทั่วไป
การศึกษาทั่วไป
HA29.5 ร242ส  
  Barcode: 19637
ห้องสมุดวิทยาเขตสวรรค์ประชารักษ์
►หนังสือทั่วไป
บนชั้น

รายการใกล้เคียง
    ผู้แต่ง [ระพินทร์ โพธิ์ศรี]

    หัวเรื่อง [สถิติ]

BibComment


ยังไม่เคยถูกคอมเมนท์

คอมเมนท์ทรัพยากรรายการนี้
  คอมเมนท์: สถิติเพื่อการวิจ..


 Copyright 2026. Bcnsprnw @Library